000 00872nam a22002297a 4500
999 _c11866
_d11866
003 AR-CdUCM
008 190405b ||||| |||| 00| 0 spa d
040 _aMUNICIPALIDAD PROVINCIAL DEL CUSCO
_cBIBLIOTECA MUNICIPAL DEL CUSCO
082 _a864.71 /
_bV24 / 1920
100 _aValle - Inclán, Ramón del
_929444
245 _aJardín umbrío :
_bHistorias de santos de almas en pena de duendes y ladrones /
260 _aMadrid :
_bTipografía europa,
_c1920.
300 _a248 páginas ;
_c18 cm.
440 _aOpera omnia volumen
_n12
_929445
500 _aDedicatoria de Luis Nieto
505 _aContenido : Juan quinto -- La adoración de los reyes -- El miedo Tragedia de ensueño -- Beatriz -- Un Cabecilla ...
650 _aLiteratura
_9416
650 _aEspañola
_924066
650 _aUnniversal
_929446
942 _2ddc
_cLIBROS
945 _arah
_d05/04/2019